Normal view
MARC view
- Compilers (Computer programs)
Entry Topical Term
001 - CONTROL NUMBER
- control field: 36877
003 - CONTROL NUMBER IDENTIFIER
- control field: NUST
005 - DATE AND TIME OF LATEST TRANSACTION
- control field: 20210314130122.0
008 - FIXED-LENGTH DATA ELEMENTS
- fixed length control field: 210314|| aca||aabn | a|a d
040 ## - CATALOGING SOURCE
- Original cataloging agency: NUST
- Transcribing agency: NUST
150 ## - HEADING--TOPICAL TERM
- Topical term or geographic name entry element: Compilers (Computer programs)
670 ## - SOURCE DATA FOUND
- Source citation: Work cat.: (NUST): Mueller, John, 36875, The Clipper interface handbook /, c1992.
